000 00887nas a2200277 4500
001 BR2012004753
003 BR-BrBNA
005 20231205120800.0
007 ta
008 230509b bl.|||p| |||| 00| 00por d
040 _aBR-BrBNA
_bpor
_cBiblioteca Nacional de Agricultura
041 _a(Pt)
072 _aF03
100 1 _aAyub, R.A.
100 1 _aBlum, J.
100 1 _aMalgarim, M.B.
245 1 _aÉpoca e princípios ativos para a quebra de dormência de caquizeiro cv. fuyu
246 1 _aTime and active ingredients for bud break of japanese persimmon cv. fuyu
650 _aCAQUI
650 _aDIOSPYROS KAKI
650 _aQUEBRA DA DORMÊNCIA
650 _aBROTAÇÃO
773 0 _tRevista Brasileira de Fruticultura (Brazil)
_xISSN 0100-2945
_g(Sep 2009), v. 31(3) p. 644-649
_wBR2012004753
909 _a202311
_bLúcia
_c55
_dLúcia Elande
942 _2AGRIS
_n0
_cANA
999 _c220286
_d220286